| 000 | 00389nam a22001697a 4500 | ||
|---|---|---|---|
| 005 | 20160617165317.0 | ||
| 008 | 160617b xxu||||| |||| 00| 0 eng d | ||
| 020 | _a81-7660-165-7 | ||
| 041 | _aeng | ||
| 082 | _b8051 | ||
| 100 |
_aKulkarni, M.V. _91477 |
||
| 245 | _aCustomer Relationship Management | ||
| 260 |
_bEVH _c2009 |
||
| 300 | _a223 | ||
| 650 |
_aManagement _9241 |
||
| 942 | _cBK | ||
| 999 |
_c3020 _d3019 |
||